000 00520nam a2200181Ia 4500
008 131103s9999 xx 000 0 und d
040 _aLoreto College
041 _aEnglish
082 _a891.7/HOL
_bLCLLIB/29797
100 _aHolube,Miroslav
245 _aMiroslav Holuber Shertha Kabita
_ctranslated by Manobendra Bandyopadhya
260 _aKolkata
_bDey's Publication
_c1985
300 _a158 p.
_c 22 cm.
650 _aRussian Poetry
700 _aBandyopadhya,Manobendra,tr.
850 _aLCLIB
942 _cBK
999 _c13592
_d64071